[Event "IX Usciamo dallo Stallo"]
[Site "?"]
[Date "2025.07.12"]
[Round "2"]
[White "Merusi, Luigi"]
[Black "Piangerelli, Michele"]
[Result "0-1"]
[WhiteElo "1910"]
[BlackElo "2005"]
[PlyCount "68"]
[EventDate "2025.??.??"]
[SourceVersionDate "2025.07.15"]

1. e4 g6 2. d4 Bg7 3. Nc3 c6 4. f4 d5 5. Nf3 dxe4 6. Nxe4 Bg4 7. c3 Qd5 8. Bd3 Nf6 9. Qe2 O-O 10. h3 Bf5 11. Nfd2 Nbd7 12. g4 Nxe4 13. Nxe4 Bxe4 14. Bxe4 Qa5 15. O-O e6 16. Bd2 Nf6 17. Bf3 Qb6 18. Kh1 Qxb2 19. Rfb1 Qc2 20. Rxb7 Rfb8 21. Bxc6 Rxb7 22. Bxb7 Rb8 23. Bf3 Rb2 24. Rd1 Rxa2 25. g5 Nd5 26. Bxd5 exd5 27. Qe8+ Bf8 28. Qe1 Bd6 29. Qe8+ Kg7 30. Qe2 Bxf4 31. Rf1 Qxd2 32. Qxd2 Bxd2 33. Rf2 Ra1+ 34. Kg2 Bxc3 0-1